Statistics for Countries with Polar Bears

Click here to take the quiz!

General Stats

  • This quiz has been taken 119 times
  • The average score is 5 of 5

Answer Stats

Polar bear country% Correct
Canada
98%
Russia
98%
United States
89%
Norway
87%
Denmark
81%

Score Distribution

Percentile by Number Answered

Percent of People with Each Score

Your Score History

You have not taken this quiz